000 01249 a2200193 4500
003 Nust
005 20221011124130.0
010 _a 85060981
020 _a0669045292
040 _cNust
082 0 0 _a540,ZUM
100 1 _aZumdahl, Steven S.
_9436
245 1 0 _aChemistry /
_cSteven S. Zumdahl.
260 _aLexington, Mass. :
_bD.C. Heath,
_cc1986.
300 _axix, 1023, 60, 16 p. :
_bill. (some col.) ;
_c27 cm.
505 _aChemical Foundations (Page-1), Atoms, Molecules and Ions (Page-31), Stoichiometry (Page-61), Solution Stoichiometry and Chemical Analysis (Page-101), Gases (Page-155), Thermochemistry (Page-197), Atomic Structure and Periodicity (Page-237), Bonding General Concepts (Page-295), Covalent Bonding Orbitals (Page-349), Liquids and Solids (Page-383), Properties of Solutions (Page-435), Chemical Kinetics (Page-471), Chemical Equilibrium (Page-521), Acids and Bases (Page-559), Applications of Aqueous Equilibria (Page-618), Spontaneity Entropy and free Energy (Page-677), The Representative Elements (Page-759), Representative Elements: Groups 5A Through 8A (Page-783),The Nuclear A Chemist’s View (Page-869), Biochemistry (Page-941), Industrial chemistry (Page-975).
650 0 _aChemistry.
942 _2ddc
_cBK
999 _c183392
_d183392